Xayoo Industries - członkowie (byli i obecni) - Statystyki

Ogólne statystyki
  • Ten quiz został rozwiązany 166 razy
  • Średni wynik to 15 z 29
Statystyki odpowiedzi
Followy na Twitchu Odpowiedź % Poprawnych
1 mln Xayoo_
98%
BANNED Japczan
93%
310 tys LukiSteve
92%
460 tys Popo
91%
180 tys mlodziutki7
83%
380 tys vysotzky
82%
200 tys MokrySuchar
79%
120 tys holak1337
75%
140 tys Aki_997
74%
160 tys dejvid_tibijski_zadymiarz
72%
70 tys matixoxoo_
57%
120 tys Paramaxil
55%
310 tys RybsonLoL_
55%
120 tys MBagietson
50%
150 tys MaaiLinh
45%
180 tys olszakumpel
45%
110 tys Wujabudyn
45%
40 tys Derp_Shaco
41%
80 tys puniogaming
40%
1 tys tobiaszek
39%
7 tys Snorlaksik_
31%
70 Paulinka
27%
10 tys SzklanaY2J_
19%
1 NjNShoty
15%
800 pixelguyworld
15%
200 yuki2_
15%
40 tys Patiro
12%
500 Denciak
10%
9 tys kohimo
10%
Nie znaleziono quizów pasujących do podanych kryteriów
Rozkład punktacji
Procent ludzi z każdym wynikiem
Percentyl według liczby udzielonych odpowiedzi
Twoja historia wyników
Nie rozwiązałeś tego quizu